IMD world competitiveness yearbook 2012

Salvato in:
Dettagli Bibliografici
Natura: Libro
Lingua:inglese
Pubblicazione: Lausanne IMD World Competitiveness Center 2012
Edizione:24th ed.
Soggetti:
Tags: Aggiungi Tag
Nessun Tag, puoi essere il primo ad aggiungerne!!

MARC

LEADER 00000nam$a2200000$$$4500
001 0158257
005 20231114125242.3
020 |a 978-2-9700514-6-6 
022 |a 1026-2628 
041 0 |a eng 
044 |a CH 
245 1 0 |a IMD world competitiveness yearbook 2012 
250 |a 24th ed. 
264 1 |a Lausanne  |b IMD World Competitiveness Center  |c 2012 
300 |a 554 s. 
610 2 0 |a konkurencieschopnosť 
610 2 0 |a konkurencia 
610 2 0 |a výkonnosť 
610 2 0 |a výkonnosť ekonomiky 
610 2 0 |a infraštruktúra 
610 2 0 |a analýzy 
610 2 0 |a ukazovatele ekonomické 
610 2 0 |a údaje štatistické 
610 2 0 |a porovnanie medzinárodné